• 首页
  • 本馆介绍
  • 公告通知
  • 最新文献
  • 馆藏检索
  • 电子资源
  • 读者导购
  • 参考咨询
  • 我的图书馆
  • 登录
  • 详细信息显示
  • 放入我的书架
  • 预约/预借图书
  • 作者相关作品
  • 分类相关作品
  • 丛书相关作品
  • 出版社相关作品

书目信息

  • 表格格式
  • 工作单格式
  • 卡片格式
题名:
商业美食摄影必修课
    
 
作者: 马也 著
分册:  
出版信息: 北京   电子工业出版社  2019.5
页数: 240页
开本: 26cm
丛书名:
单 册:
中图分类: J419.5
科图分类:
主题词: 饮食--艺术摄影--摄影艺术
电子资源:
ISBN: 978-7-121-36210-1
000 01041nam 2200241 45
001 012001000931
005 20130910094430.0
010    @a978-7-121-36210-1@dCNY98.00
099    @aCAL 012019087277
100    @a20190528d2019 em y0chiy0110 ea
101 0  @achi
102    @aCN@b110000
105    @aa z 000yy
106    @ar
200 1  @a商业美食摄影必修课@Ashang ye mei shi she ying bi xiu ke@f马也著
210    @a北京@c电子工业出版社@d2019.5
215    @a240页@c彩图@d26cm
330    @a本书结合作者多年美食摄影的工作经验, 用大量的作品和实际案例, 由浅及深地向读者描绘了一条美食摄影的进阶之路。全书包含摄影前的准备、摄影器材的选择、摄影基础知识和构图知识、美食摄影技法、烘焙甜品和食材拍摄的专题讲解, 以及商业实战案例的全方位解析, 囊括了美食摄影的方方面面。其中, 作者将自身在美食摄影中的切身体会总结成朗朗上口的“马也语录”, 帮助读者在实战中更快地应用相关的知识和技法。
606 0  @a饮食@x艺术摄影@x摄影艺术
690    @aJ419.5@v5
701  0 @a马也@Ama ye@4著
801    @aCN@b江苏凤凰@c20211018
905    @b1341563-5@dJ419.5@e432@f3
    
    商业美食摄影必修课/马也著.-北京:电子工业出版社,2019.5
    240页:彩图;26cm
    
    
    ISBN 978-7-121-36210-1:CNY98.00
    本书结合作者多年美食摄影的工作经验, 用大量的作品和实际案例, 由浅及深地向读者描绘了一条美食摄影的进阶之路。全书包含摄影前的准备、摄影器材的选择、摄影基础知识和构图知识、美食摄影技法、烘焙甜品和食材拍摄的专题讲解, 以及商业实战案例的全方位解析, 囊括了美食摄影的方方面面。其中, 作者将自身在美食摄影中的切身体会总结成朗朗上口的“马也语录”, 帮助读者在实战中更快地应用相关的知识和技法。
●
相关链接 在E读中查询图书 在五车中查询图书 在当当中查询图书 在豆瓣中查询图书


正题名:商业美食摄影必修课     索取号:J419.5/432         预约/预借

序号 登录号 条形码 馆藏地/架位号 状态 备注
1 1341563   213415632   第一样本阅览室/ [索取号:J419.5/432] 在馆    
2 1341564   213415641   第一借阅区/ [索取号:J419.5/432] 在馆    
3 1341565   213415650   第一借阅区/ [索取号:J419.5/432] 在馆    
唐山师范学院图书馆 欢迎您!
大连网信软件有限公司© 版权所有